<?xml version="1.0" encoding="UTF-8"?>
<record
    xmlns:xsi="http://www.w3.org/2001/XMLSchema-instance"
    xsi:schemaLocation="http://www.loc.gov/MARC21/slim http://www.loc.gov/standards/marcxml/schema/MARC21slim.xsd"
    xmlns="http://www.loc.gov/MARC21/slim">

  <leader>01503nam a22001937a 4500</leader>
  <controlfield tag="005">20241016112100.0</controlfield>
  <controlfield tag="008">241016b           ||||| |||| 00| 0 eng d</controlfield>
  <datafield tag="020" ind1=" " ind2=" ">
    <subfield code="a">9780750653503</subfield>
  </datafield>
  <datafield tag="050" ind1=" " ind2=" ">
    <subfield code="a">RG526.E84(2e)</subfield>
  </datafield>
  <datafield tag="245" ind1=" " ind2=" ">
    <subfield code="a">Ethics and midwifery : issues in contemporary practice /</subfield>
    <subfield code="c">Lucy Frith and Heather Draper.</subfield>
  </datafield>
  <datafield tag="250" ind1=" " ind2=" ">
    <subfield code="a">2nd ed.</subfield>
  </datafield>
  <datafield tag="260" ind1=" " ind2=" ">
    <subfield code="a">Edinburgh :</subfield>
    <subfield code="b">Books for Midwives,</subfield>
    <subfield code="c">2004.</subfield>
  </datafield>
  <datafield tag="300" ind1=" " ind2=" ">
    <subfield code="a">viii, 310 p. :</subfield>
    <subfield code="b">ill. ;</subfield>
    <subfield code="c">22 cm.</subfield>
  </datafield>
  <datafield tag="500" ind1=" " ind2=" ">
    <subfield code="a">Includes references and index.</subfield>
  </datafield>
  <datafield tag="505" ind1=" " ind2=" ">
    <subfield code="a">Contents : Introduction -- Part 1: Everyday issues: Ethics and consent in midwifery -- Legal and ethical issues in midwifery practice -- Failure to deliver: ethical issues relating to epidural analgesia in uncomplicated labour -- Routine antenatal HIV testing and its implications for informed consent -- Risk and normality in the maternity services -- Midwives and sexuality: earth mother or coy maiden -- Part 2: Technological issues: Ethical issues in neonatal intensive care -- Screening and the perfect baby -- Ethics of fetal tissue  transplantation and research on embryos -- Reproductive technologies and midwives -- Midwifery and homeopathy -- Part 3: Professional issues: Midwifery autonomy and the code of professional conduct: an unethical combination -- Retention and autonomy in midwifery practice -- Midwifery research: some ethical considerations -- Researching sensitive issues: a personal view.</subfield>
  </datafield>
  <datafield tag="700" ind1=" " ind2=" ">
    <subfield code="a">Frith, Lucy.</subfield>
    <subfield code="9">3216</subfield>
  </datafield>
  <datafield tag="700" ind1=" " ind2=" ">
    <subfield code="a">Draper, Heather.</subfield>
    <subfield code="9">3217</subfield>
  </datafield>
  <datafield tag="942" ind1=" " ind2=" ">
    <subfield code="2">lcc</subfield>
    <subfield code="c">BK</subfield>
  </datafield>
  <datafield tag="999" ind1=" " ind2=" ">
    <subfield code="c">10449</subfield>
    <subfield code="d">17949</subfield>
  </datafield>
  <datafield tag="952" ind1=" " ind2=" ">
    <subfield code="0">0</subfield>
    <subfield code="1">0</subfield>
    <subfield code="2">lcc</subfield>
    <subfield code="4">0</subfield>
    <subfield code="7">0</subfield>
    <subfield code="a">WIUC-1</subfield>
    <subfield code="b">WIUC-1</subfield>
    <subfield code="c">NURS L.</subfield>
    <subfield code="d">2024-10-16</subfield>
    <subfield code="l">0</subfield>
    <subfield code="o">RG526.E84(2e)</subfield>
    <subfield code="p">NURS/962/142/24</subfield>
    <subfield code="r">2024-10-16 00:00:00</subfield>
    <subfield code="t">1</subfield>
    <subfield code="w">2024-10-16</subfield>
    <subfield code="y">BK</subfield>
  </datafield>
  <datafield tag="952" ind1=" " ind2=" ">
    <subfield code="0">0</subfield>
    <subfield code="1">0</subfield>
    <subfield code="2">lcc</subfield>
    <subfield code="4">0</subfield>
    <subfield code="7">0</subfield>
    <subfield code="a">WIUC-1</subfield>
    <subfield code="b">WIUC-1</subfield>
    <subfield code="c">NURS L.</subfield>
    <subfield code="d">2024-10-16</subfield>
    <subfield code="l">0</subfield>
    <subfield code="o">RG526.E841(2e)</subfield>
    <subfield code="p">NURS/963/143/24</subfield>
    <subfield code="r">2024-10-16 00:00:00</subfield>
    <subfield code="t">2</subfield>
    <subfield code="w">2024-10-16</subfield>
    <subfield code="y">BK</subfield>
  </datafield>
</record>
